| 000 | 01437nam a22002657a 4500 | ||
|---|---|---|---|
| 001 | 462 | ||
| 003 | OSt | ||
| 005 | 20250829160159.0 | ||
| 008 | 250210b |||||||| |||| 00| 0 eng d | ||
| 020 | _a9788506080627 | ||
| 040 | _bpor | ||
| 041 | _apor | ||
| 082 | 1 |
_a028.5 _bA554m |
|
| 100 |
_aAndrade, Tiago de Melo _9998 |
||
| 245 |
_aO mágico do Barro Preto _c/Tiago de Melo Andrade; |
||
| 260 |
_aSão Paulo _bMelhoramentos _c2016 |
||
| 300 | _a110p. | ||
| 520 | _aNo povoado de Barro Preto nasce Papamama, um menino com poderes sobrenaturais. Desde o primeiro dia ele transforma a vida dos que o cercam com dons incríveis, passando a ser cultuado por todos, convertendo-se, ainda criança, numa divindade local. A vida de divindade, porém, não lhe agrada, e o menino resolve sair para conhecer o mundo. Em toda parte descobre a mesma verdade: “a inutilidade de ser mágico, num mundo de gente violenta, insensível e idiota”. E é em sua comunidade que surge quem quer antagonizá-lo: Titum. Menino como ele, Titum descobre o segredo dos poderes de Papamama e se faz também poderoso, mas usará seus poderes para fins terríveis. Na luta entre Papamama e Titum está o destino não apenas da comunidade de Barro Preto, mas do mundo inteiro. | ||
| 650 | 0 |
_aLiteratura Brasileira _9205 |
|
| 650 | 0 |
_aInfantojuvenil _9200 |
|
| 650 | 0 |
_aAventura _947 |
|
| 655 | 0 |
_aRomance _923 |
|
| 655 | 0 |
_aFicção _922 |
|
| 942 |
_2ddc _cBK |
||
| 999 |
_c462 _d462 |
||